LIBRARY & INFORMATION CENTRE, KCAET, TAVANUR

ONLINE PUBLIC ACCESS CATALOGUE (OPAC)

Gandhi Wields the weapon of Moral power / (Record no. 1139)

MARC details
000 -LEADER
fixed length control field 00431cam a2200169ua 4500
041 ## - LANGUAGE CODE
Language code of text/sound track or separate title eng
082 ## - DEWEY DECIMAL CLASSIFICATION NUMBER
Classification number 320.58 G
Item number GEN/GA
100 ## - MAIN ENTRY--AUTHOR NAME
Personal name Genesharp, .
245 ## - TITLE STATEMENT
Title Gandhi Wields the weapon of Moral power /
260 ## - PUBLICATION, DISTRIBUTION, ETC. (IMPRINT)
Place of publication Ahmadabad :
Name of publisher Navajivan publishing house ,
Year of publication 1960.
300 ## - PHYSICAL DESCRIPTION
Number of Pages 316 ; .
942 ## - ADDED ENTRY ELEMENTS (KOHA)
Koha item type Books
Holdings
Withdrawn status Lost status Damaged status Home library Current library Date acquired Full call number Accession Number Koha item type
Withdrawn     KAUAET Kelappaji 07/04/2012 320.58 G 2428 Books
free website counter